La continuidad crt̕ica

Bibliographic Details
Main Author: Friz Burga, Johnny Zas
Format: eBook
Language:Spanish
Published: Lima : Palestra Editores, 2008
Subjects:
Online Access:Acceso restringido

MARC

LEADER 00000nam a22000007a 4500
005 20120620154234.0
007 cr|||| ||||
008 120620s2008 pe |||||s|||| 00||0 spa d
020 |a 978-9972-224-89-8 
035 |a 6500 
040 |a vLex 
090 |c 3213  |d 3213 
100 1 |a  Friz Burga, Johnny Zas 
245 1 3 |a La continuidad crt̕ica  |h [Recurso electrn̤ico] /  |c Johnny Zas Friz Burga 
256 |a Servicio en ln̕ea 
260 |a Lima :  |b Palestra Editores,  |c 2008 
300 |a 1 recurso electrn̤ico 
500 |a Balance del diseǫ normativo e institucional del actual proceso peruano de descentralizacin̤ polt̕ica (2002-2008) 
506 1 |a Contenido solo disponible en los productos indicados  |d vLex Global   |d vLex Global (Academic Edition, excluding Law Schools)   |d vLex Global (U.S. Academic Edition, Law Schools)   |d vLex Global (U.S. Academic Edition, excluding Law Schools)   |d vLex Global (Academic Edition, Law Schools)  
650 0 4 |a Administracin̤ central  |z Per︢ 
650 0 4 |a Descentralizacin̤ administrativa  |z Per︢ 
740 0 |a vLex Libros (Servicio en ln̕ea) 
856 4 0 |u http://vlex.com/source/continuidad-critica-6500  |z Acceso restringido 
942 |c BOOK 
999 0 |a Decentralization in government 
999 0 |a Public administration